Indian cities in transition (Record no. 406491)

000 -LEADER
fixed length control field 00425cam a22001457a 4500
008 - FIXED-LENGTH DATA ELEMENTS--GENERAL INFORMATION
fixed length control field 180718b2007 xxu||||| |||| 00| 0 eng d
020 ## - INTERNATIONAL STANDARD BOOK NUMBER
International Standard Book Number 8125032053
082 ## - DEWEY DECIMAL CLASSIFICATION NUMBER
Classification number J7x54 Sh26
100 ## - MAIN ENTRY--PERSONAL NAME
Personal name Shaw, Annapurna
245 ## - TITLE STATEMENT
Title Indian cities in transition
Statement of responsibility, etc. edited by Annapurna Shaw
260 ## - PUBLICATION, DISTRIBUTION, ETC.
Place of publication, distribution, etc. Hyderabad
Name of publisher, distributor, etc. Orient Longman
Date of publication, distribution, etc. 2007
300 ## - PHYSICAL DESCRIPTION
Extent 500p.
650 ## - SUBJECT ADDED ENTRY--TOPICAL TERM
Topical term or geographic name entry element Cities and towns - Economic aspects
650 ## - SUBJECT ADDED ENTRY--TOPICAL TERM
Topical term or geographic name entry element City planning - India
Holdings
Withdrawn status Lost status Damaged status Not for loan Permanent Location Current Location Date acquired Full call number Barcode Date last seen Price effective from Koha item type
        Indian Institute of Public Administration Indian Institute of Public Administration 2013-05-16 J7x54 Sh26 DA6407 2018-07-21 2018-07-21 DA
        Indian Institute of Public Administration Indian Institute of Public Administration 2007-04-25 J7x54 Sh26 DA6311 2018-07-21 2018-07-21 DA

Powered by Koha